Leading teams : expert solution to everyday challenges
| Format: | Book |
|---|---|
| Published: |
Selangor :
Harvard Business School Publishing ,
2006
|
| Series: | Pocket mentor series
|
| Subjects: |
MARC
| LEADER | 00000cam a2200000 7i4500 | ||
|---|---|---|---|
| 001 | 0000027948 | ||
| 005 | 20091224.0 | ||
| 008 | 091030 | ||
| 020 | |a 1422101843 | ||
| 090 | 0 | 0 | |a 658.4022 |b LEA |
| 245 | 1 | 0 | |a Leading teams : |b expert solution to everyday challenges |
| 260 | |a Selangor : |b Harvard Business School Publishing , |c 2006 | ||
| 440 | |a Pocket mentor series | ||
| 650 | 0 | |a Teams in the workplace |x management | |
| 999 | |a 0001060372 |b Book |c Adult Collection |e Perbadanan Perpustakaan Awam Johor | ||